Catalog

Record Details

Catalog Search


Search Results Showing Item 1 of 2

Available copies

  • 33 of 33 copies available at Headquarters.

Current holds

0 current holds with 33 total copies.

Location Call Number / Copy Notes Barcode Shelving Location Status Due Date
Accra Central Library 201 JFIC/COT 000002158099 Childrens' Fiction - EXT Available -
Accra Central Library 201 JFIC/COT 000002158105 Childrens' Fiction - EXT Available -
Accra Central Library 201 JFIC/COT 000002158112 Childrens' Fiction - EXT Available -
Accra Central Library 201 JFIC/COT 000002158129 Childrens' Fiction - EXT Available -
Bortiano Library 201 JFIC/COT 000000920469 Childrens' Fiction Available -
Bortiano Library 201 JFIC/COT 000000920476 Childrens' Fiction Available -
Dansoman Library 201 JFIC/COT 000001150537 Childrens' Fiction Available -
Dansoman Library 201 JFIC/COT 000001150544 Childrens' Fiction Available -
Dansoman Library 201 JFIC/COT 000001150551 Childrens' Fiction Available -
Dansoman Library 201 JFIC/COT 000001150568 Childrens' Fiction Available -
Next 10 »

Record details

  • ISBN: 9781509881635
  • Physical Description: Hard cover
  • Publisher: London Macmillan Children's Book 2018
Subject: Social Control
LDR 00620cam a2200205Ka 4500
00175418
003HQ
00520201103143951.0
008070101s xxka ar6 1 eng d
020 . ‡a9781509881635
037 . ‡aBook Aid
082 . ‡aJFIC/COT
100 . ‡aFrank Cottrell-Boyce
245 . ‡aWatership Down
260 . ‡aLondon ‡bMacmillan Children's Book ‡c2018
300 . ‡aHard cover
650 . ‡aSocial Control
901 . ‡a75418 ‡bAUTOGEN ‡c75418 ‡tbiblio
Search Results Showing Item 1 of 2

Additional Resources